000
00256nam a2200097Ia 4500
001
814703
005
20250826171642.0
008
250824s9999 xx 000 0 und d
245
0
_a
KENDİNİ BİLEN RABBİNİ BİLİR
_c
UĞUR KOŞAR
260
_b
DESTEK YAYINLARI
999
_c
814703
_d
814703